| 000 | 00488nam a2200169Ia 4500 | ||
|---|---|---|---|
| 003 | GCL | ||
| 008 | 140319s9999 xx 000 0 ara d | ||
| 040 |
_aGCL / _cGCL |
||
| 082 | 0 | 4 |
_a813.03 _bم و |
| 100 | 1 | _aمصطفى ابوالنصر | |
| 245 | 1 | 0 |
_aواحدة تكفى (هدية من الاديب عبدالفتاح الجمل) / _cمصطفى ابوالنصر |
| 490 | _a | ||
| 650 | 0 | 4 | _aالادب العربى |
| 650 | 0 | 4 | _aالادب |
| 650 | 0 | 4 | _aالقصة |
| 942 |
_2ddc _cBK |
||
| 999 |
_c39894 _d39894 |
||